El Vapor : (Record no. 194902)
[ view plain ]
| 000 -LEADER | |
|---|---|
| campo de control de longitud fija | 01884nam a2200409 i 4500 |
| 001 - NÚMERO DE CONTROL | |
| campo de control | 194902 |
| 003 - IDENTIFICADOR DE NÚMERO DE CONTROL | |
| campo de control | SpMaBN |
| 005 - FECHA Y HORA DE LA ÚLTIMA TRANSACCIÓN | |
| campo de control | 20250528063018.0 |
| 008 - DATOS DE LONGITUD FIJA--INFORMACIÓN GENERAL | |
| campo de control de longitud fija | 240521s2022 sp a | |||| 000 0dspa |
| 015 ## - NÚMERO DE BIBLIOGRAFÍA NACIONAL | |
| Número de bibliografía nacional | MON22 |
| 017 ## - NÚMERO DE COPYRIGHT O DE DEPÓSITO LEGAL | |
| Número de copyright o de depósito legal | CA 214-2022 |
| Agencia que asigna | Oficina Depósito Legal Cádiz |
| 020 ## - NÚMERO INTERNACIONAL ESTÁNDAR DEL LIBRO | |
| Número Internacional Estándar del Libro | 9788412548600 |
| 035 ## - NÚMERO DE CONTROL DEL SISTEMA | |
| Número de control de sistema | (OCoLC)1393951183 |
| 040 ## - FUENTE DE CATALOGACIÓN | |
| Centro catalogador/agencia de origen | SpMaBN |
| Lengua de catalogación | spa |
| Centro/agencia transcriptor | SpMaBN |
| Normas de descripción | rda |
| 080 ## - NÚMERO DE LA CLASIFICACIÓN DECIMAL UNIVERSAL | |
| Número de la Clasificación Decimal Universal | 908(261.28)(089.3) |
| 080 ## - NÚMERO DE LA CLASIFICACIÓN DECIMAL UNIVERSAL | |
| Número de la Clasificación Decimal Universal | 821.134.2-82"19" |
| 100 ## - ENTRADA PRINCIPAL--NOMBRE DE PERSONA | |
| Nombre de persona | Moreno Marchal, Joaquín, |
| 9 (RLIN) | 236526 |
| Fechas asociadas al nombre | 1955- |
| Término indicativo de función/relación | Autor |
| 245 13 - MENCIÓN DEL TÍTULO | |
| Título | El Vapor : |
| Resto del título | navegaciones por la bahía de Cádiz / |
| Mención de responsabilidad, etc. | Joaquín Moreno Marchal ; prólogo de Ignacio Pérez Blanquer |
| 250 ## - MENCION DE EDICION | |
| Mención de edición | Primera edición: julio de 2022, primera reimpresión: agosto de 2022 |
| 264 #1 - PRODUCCIÓN, PUBLICACIÓN, DISTRIBUCIÓN, FABRICACIÓN Y COPYRIGHT | |
| Producción, publicación, distribución, fabricación y copyright | [Puerto de Santa María, Cádiz] : |
| Nombre del de productor, editor, distribuidor, fabricante | Ediciones El Boletín, |
| Fecha de producción, publicación, distribución, fabricación o copyright | 2022 |
| 300 ## - DESCRIPCIÓN FÍSICA | |
| Extensión | 93 páginas : |
| Otras características físicas | ilustraciones, fotografías (color) ; |
| Dimensiones | 24 cm |
| 336 ## - TIPO DE CONTENIDO | |
| Término de tipo de contenido | Texto |
| Fuente | rdacontent |
| 337 ## - TIPO DE MEDIO | |
| Nombre/término del tipo de medio | sin mediación |
| Fuente | rdamedia |
| 338 ## - TIPO DE SOPORTE | |
| Nombre/término del tipo de soporte | volumen |
| Fuente | rdacarrier |
| 500 ## - NOTA GENERAL | |
| Nota general | Acceso al vídeo de la presentación mediante código QR |
| 520 ## - RESUMEN, ETC. | |
| Sumario, etc. | La bahía de Cádiz como espacio geográfico y como espacio poético, en el que la mirada, la imaginación, la memoria, pueden a su vez hacernos navegar por múltiples mares y seguir rumbos infinitos. |
| 651 #7 - PUNTO DE ACCESO ADICIONAL DE MATERIA--NOMBRE GEOGRÁFICO | |
| Nombre geográfico | Cádiz (España, Bahía) |
| Subdivisión de forma | Misceláneas |
| 9 (RLIN) | 236527 |
| 655 #7 - TERMINO DE INDIZACIÓN--GENERO/FORMA | |
| Datos o término principal de género/forma | Poesías |
| Fuente del término | tgfbne |
| 9 (RLIN) | 176539 |
| 655 #7 - TERMINO DE INDIZACIÓN--GENERO/FORMA | |
| Datos o término principal de género/forma | Relatos personales |
| 9 (RLIN) | 236197 |
| Fuente del término | tgfbne |
| 700 ## - ENTRADA AGREGADA--NOMBRE PERSONAL | |
| Nombre de persona | Pérez Blanquer, Ignacio |
| Término indicativo de función/relación | Autor de introducción |
| 9 (RLIN) | 238721 |
| 852 ## - LOCALIZACIÓN | |
| Ubicación | ES-MaACL |
| Ubicación en estantería | Depósito J |
| Número de control de estantería | N-9914 |
| Donativo/Legado | Donación: Joaquín Moreno Marchal. |
| Encuadernación | Encuadernación cartoné |
| Anotaciones manuscritas | Dedicatoria autógrafa del autor |
| itemnumber | 205834 |
| 903 ## - NOMBRE PERSONAL DE DONANTE | |
| 9 | 236526 |
| a | Moreno Marchal, Joaquín, |
| d | 1955- |
| e | Donante |
| 942 ## - ELEMENTOS DE ENTRADA SECUNDARIOS (KOHA) | |
| Tipo de ítem Koha | Libro impreso |
| Suprimir en OPAC | No |
| Estatus retirado | Estado de pérdida | Fuente del sistema de clasificación o colocación | Estado de daño | No para préstamo | Colección | Biblioteca de origen | Biblioteca actual | Ubicación en estantería | Fecha de adquisición | Fuente de adquisición | Total de préstamos | Signatura topográfica completa | Código de barras | Visto por última vez | Precio de reemplazo | Tipo de ítem Koha |
|---|---|---|---|---|---|---|---|---|---|---|---|---|---|---|---|---|
| Clasificación decimal universal | Libros con dedicatorias | Biblioteca del Ateneo de Madrid | Biblioteca del Ateneo de Madrid | Depósito J | 26/05/2025 | Donación | N-9914 | 101230173 | 26/05/2025 | 26/05/2025 | Libro impreso |
